| 000 | 00384nam a2200145Ia 4500 | ||
|---|---|---|---|
| 008 | 231129s1985||||xx |||||||||||||| ||spa|| | ||
| 020 | _a84-345-8395-X | ||
| 040 | _bspa | ||
| 082 | _a591.52 T587n | ||
| 100 | _aTinbergen Niko | ||
| 245 | 0 | _aNaturalistas curiosos | |
| 260 | _c1985 | ||
| 264 | _aBarcelona EspaƱa : Salvat | ||
| 942 |
_2ddc _cBKS |
||
| 999 |
_c21615 _d21615 |
||